Guerre et économie de la Grèce classique (490 av. J.-C.-322 av. J.-C.) : (490-322 av. J.-C.) (notice n° 1568454)
[ vue normale ]
| 000 -LEADER | |
|---|---|
| fixed length control field | 01080cam a2200133 4500500 |
| 005 - DATE AND TIME OF LATEST TRANSACTION | |
| control field | 20251214004336.0 |
| 041 ## - LANGUAGE CODE | |
| Language code of text/sound track or separate title | fre |
| 042 ## - AUTHENTICATION CODE | |
| Authentication code | dc |
| 100 10 - MAIN ENTRY--PERSONAL NAME | |
| Personal name | Picard, Olivier |
| Relator term | author |
| 245 00 - TITLE STATEMENT | |
| Title | Guerre et économie de la Grèce classique (490 av. J.-C.-322 av. J.-C.) : (490-322 av. J.-C.) |
| 260 ## - PUBLICATION, DISTRIBUTION, ETC. | |
| Name of publisher, distributor, etc. | Armand Colin,<br/> |
| Date of publication, distribution, etc. | 2000.<br/> |
| 520 ## - SUMMARY, ETC. | |
| Summary, etc. | La puissance de la flotte, le prestige que lui vaut sa victoire sur les Perses à Salamine donnent à Athènes la possibilité de réaliser ses ambitions impérialistes en construisant un système d’alliances maritimes qui contrôle l’ensemble de la mer Egée, l’Archè. Mais Athènes découvre alors les difficultés qu’entraînent la gestion et le contrôle de cette organisation d’un type nouveau. Condamnée par la calamiteuse expédition de Sicile, elle rêve de reconstituer sa puissance. Elle découvre alors que la prospérité viendra désormais de la paix plus que de la guerre. |
| 856 41 - ELECTRONIC LOCATION AND ACCESS | |
| Uniform Resource Identifier | <a href="https://shs.cairn.info/guerre-et-economie-dans-l-alliance-athenienne--9782718192918?lang=fr&redirect-ssocas=7080">https://shs.cairn.info/guerre-et-economie-dans-l-alliance-athenienne--9782718192918?lang=fr&redirect-ssocas=7080</a> |
Pas d'exemplaire disponible.




Réseaux sociaux